Animated Cats - Statistics

General Stats
  • This quiz has been taken 35 times
  • The average score is 8 of 63
Answer Stats
FL # Char Kitty Extra Hint % Correct
G 8 Garfield ________
86%
T 3 Tom ___ and Jerry
79%
S 9 Sylvester Looney Tunes
64%
F 5 Felix _____ the Cat
50%
S & A 2 & 2 Si and Am Lady and the Tramp
43%
D 7 Duchess The Aristocats
36%
P in B 4 in 5 Puss in Boots Shrek 2
36%
C C 8 3 Cheshire Cat Alice in Wonderland
29%
H 10 Heathcliff __________
29%
T 3 3 Top Cat ___ ___
29%
F 6 Figaro Pinocchio
21%
N 6 Nermal Garfield
21%
O 6 Oliver ______ & Company
21%
P P 6 4 Peg-leg Pete Disney
21%
L 7 Lucifer Cinderella
18%
S 8 Scratchy The Simpsons
18%
S II 8 II Snowball II The Simpsons
18%
A 6 Azrael Smurfs
14%
F C 3 3 Fat Cat Chip 'n Dale Rescue Rangers
14%
S S 5 10 Salem Saberhagen Sabrina, the Teenage Witch
14%
S 11 Snagglepuss The Quick Draw McGraw Show
14%
M J 2 5 Mr. Jinks Pixie and Dixie and __. _____
11%
S 6 Stimpy Ren and ______
11%
B 7 1 6 Bonkers D. Bobcat _______
7%
B 5 Butch Tom and Jerry
7%
C C 6 3 Claude Cat Looney Tunes
7%
G W 7 9 Gumball Watterson The Amazing World of _______
7%
L 4 Luna Sailor Moon
7%
M 2 8 Mr. Whiskers Frankenweenie
7%
P 9 Pussyfoot Looney Tunes
7%
R 5 Rufus The Rescuers
7%
S 9 Sebastian Josie and the Pussycats
7%
S T 8 5 Sergeant Tibbs One Hundred and One Dalmatians
7%
S's C 5's C Simon's Cat _____'s ___
7%
B 5 Beans Merrie Melodies
4%
B 6 Beerus Dragon Ball Z: Battle of the Gods
4%
C 6 Catbus Me Neighbor Totoro
4%
C 5 Chloe The Secret Life of Pets
4%
D 5 Dinah Alice in Wonderland
4%
F 6 Fluffy Rugrats
4%
F 8 Furrball Tiny Toon Adventures
4%
K 6 Kwazii Octonauts
4%
M 7 Mittens Bolt
4%
N 6 Nelson Martha
4%
N C 4 3 Nyan Cat ____ ___
4%
P P 8 8 Penelope Pussycat Looney Tunes
4%
R 4 Rita Animaniacs
4%
S the S 7 the 8 Streaky the Supercat DC Comic Books (Supergirl)
4%
C 5 Chaos Aladdin (TV series)
0%
D 5 Danny Cats Don't Dance
0%
D 5 Diana Sailor Moon
0%
E 3 Eek ___! the Cat
0%
E 4 Evil Earthworm Jim
0%
F 7 Felicia The Great Mouse Detective
0%
K K 8 8 Katerina Kittycat Daniel Tiger's Neighborhood
0%
K 4 Katz Courage the Cowardly Dog
0%
M K 6 5 Master Korin Dragon Ball
0%
M 6 Mirage Aladdin (TV series)
0%
M M 2 7 Mr. Mumbles Dan Vs.
0%
O 11 (4) Opalescence (or Opal) My Little Pony: Friendship Is Magic
0%
P H C 5 5 3 Proud Heart Cat Care Bears
0%
R 4 Ruff The ____ & Reddy Show
0%
S 6 Stinky Doug
0%
No matching quizzes found
Score Distribution
Percent of People with Each Score
Percentile by Number Answered
Your Score History
You have not taken this quiz